Mülltrennung - Statistiken

Allgemein
  • Dieses Quiz wurde 1.134 mal gespielt
  • Das Durchschnittsergebnis liegt bei 27 aus 40
Antwortstatistiken
Frage Kachel Select % Korrekt
In welche Tonne kommt ein Kassenbon? Biomüll / Biogut Nein
98%
In welche Tonne kommen Briefumschläge mit Sichtfenster? (nicht zerreißen) Biomüll / Biogut Nein
98%
Was macht man mit alten CDs? Verbrennen Nein
97%
In welche Tonne kommt der Pizzakarton? Biomüll / Biogut Nein
94%
In welche Tonne kommt der Pizzakarton? Gelber Sack / Wertstoff Nein
94%
In welche Tonne darf der Teebeutel aus Filterpapier? Gelber Sack / Wertstoff Nein
94%
In welche Tonne kommt Backpapier? Biomüll / Biogut Nein
93%
Worauf muss man bei der Entsorgung von Joghurtbechern achten? nicht zerdrücken Nein
91%
In welche Tonne darf der Teebeutel aus Filterpapier? Papier / Pappe Nein
91%
Wohin mit einer alten kleinen Glasvase? Sperrmüll Nein
87%
In welchen Glascontainer kommen blaue Glasflaschen, wenn es keinen Buntglascontainer gibt? Weißglas Nein
87%
In welche Tonne kommt ein Kassenbon? Gelber Sack / Wertstoff Nein
86%
In welchen Glascontainer kommen blaue Glasflaschen, wenn es keinen Buntglascontainer gibt? Daneben stellen Nein
82%
In welche Tonne kommt Backpapier? Gelber Sack / Wertstoff Nein
82%
In welche Tonne kommt Backpapier? Papier / Pappe Nein
80%
Was macht man mit alten CDs? Rest- / Hausmüll Nein
80%
Was macht man mit alten CDs? Gelber Sack / Wertstoff Nein
76%
Wohin mit altem Spielzeug aus Plastik? Sperrmüll Nein
75%
Was macht man mit alten CDs? zum Recylinghof bringen Ja
71%
In welche Tonne darf der Teebeutel aus Filterpapier? Biomüll / Biogut Ja
70%
In welchen Glascontainer kommen blaue Glasflaschen, wenn es keinen Buntglascontainer gibt? Braunglas Nein
69%
In welche Tonne kommen Briefumschläge mit Sichtfenster? (nicht zerreißen) Gelber Sack / Wertstoff Nein
69%
In welche Tonne kommt Backpapier? Rest- / Hausmüll Ja
69%
In welche Tonne kommen Briefumschläge mit Sichtfenster? (nicht zerreißen) Rest- / Hausmüll Nein
68%
Worauf muss man bei der Entsorgung von Joghurtbechern achten? Deckel entfernen Ja
65%
In welche Tonne darf der Teebeutel aus Filterpapier? Rest-/Hausmüll Nein
62%
In welchen Glascontainer kommen blaue Glasflaschen, wenn es keinen Buntglascontainer gibt? Grünglas Ja
51%
In welche Tonne kommt ein Kassenbon? Papier / Pappe Nein
51%
In welche Tonne kommt der Pizzakarton? Rest- / Hausmüll Ja
49%
Wohin mit altem Spielzeug aus Plastik? Verschenken Ja
47%
In welche Tonne kommen Briefumschläge mit Sichtfenster? (nicht zerreißen) Papier / Pappe Ja
46%
In welche Tonne kommt der Pizzakarton? Papier / Pappe Nein
45%
In welche Tonne kommt ein Kassenbon? Rest- / Hausmüll Ja
43%
Worauf muss man bei der Entsorgung von Joghurtbechern achten? ausspülen Nein
41%
Wohin mit altem Spielzeug aus Plastik? Gelber Sack / Wertstoff Nein
38%
Wohin mit einer alten kleinen Glasvase? Verschenken Ja
37%
Wohin mit einer alten kleinen Glasvase? Glascontainer Nein
28%
Wohin mit einer alten kleinen Glasvase? Rest- / Hausmüll Ja
20%
Wohin mit altem Spielzeug aus Plastik? Rest-/Hausmüll Ja
18%
Worauf muss man bei der Entsorgung von Joghurtbechern achten? nicht stapeln Ja
17%
Keine übereinstimmenden Quizze gefunden
Verteilung der Resultate
Anzahl Personen mit jedem Resultat
Perzentil nach korrekt beantworteten Fragen
Ihre Resultats-Entwicklung
Sie haben dieses Quiz noch nicht gespielt